Flugziele vom Flughafen München (MUC) - Statistiken

Allgemein
  • Dieses Quiz wurde 250 mal gespielt
  • Das Durchschnittsergebnis liegt bei 101 aus 220
Antwortstatistiken
Land Airline(s) Flugziel % Korrekt
Ägypten Egyptair,Lufthansa Kairo / CAI
92%
Deutschland City Airlines,Lufthansa Berlin / BER
88%
Belgien Brussels,Lufthansa Brüssel / BRU
84%
Japan All Nippon,Lufthansa Tokio / HND
81%
Deutschland Lufthansa Frankfurt / FRA
80%
Spanien Air Europa,Iberia, Lufthansa Madrid / MAD
79%
Schweiz Lufthansa,Swiss Zürich / ZRH
79%
Griechenland Aegean,Lufthansa, Sky Express Athen / ATH
78%
Irland Aer Lingus,Lufthansa Dublin / DUB
78%
Frankreich Air France,Lufthansa Paris / CDG
78%
Italien Air Dolomiti Mailand-Linate / LIN
77%
China Air China,Lufthansa Peking / PEK
77%
Italien ITA Airways,Lufthansa Rom / FCO
77%
Deutschland City Airlines,Eurowings, Lufthansa Hamburg / HAM
76%
Vereinigte Staaten Delta,Lufthansa New York / JFK
76%
Singapur Lufthansa,Singapore Airlines Singapur / SIN
76%
Spanien Lufthansa,Vueling Barcelona / BCN
75%
Deutschland City Airlines,Eurowings, Lufthansa Düsseldorf / DUS
75%
Dänemark Lufthansa,Norwegian, SAS Kopenhagen / CPH
75%
Vereinigtes Königreich British Airways,Lufthansa London-Heathrow / LHR
75%
Deutschland City Airlines,Eurowings, Lufthansa Köln/Bonn / CGN
74%
Vereinigtes Königreich EasyJet London-Gatwick / LGW
74%
Albanien Lufthansa Tirana / TIA
74%
Vereinigtes Königreich w Lufthansa London-Stansted / STN
73%
Norwegen Lufthansa,Norwegian, SAS Oslo / OSL
73%
Spanien Condor,Discover, Eurowings, Lufthansa, Marabu, Vueling Palma de Mallorca / PMI
73%
Österreich Austrian,Lufthansa Wien / VIE
73%
Italien Air Dolomiti,EasyJet, Lufthansa Mailand-Malpensa / MXP
72%
Niederlande Air Dolomiti,KLM, Lufthansa Amsterdam / AMS
71%
Finnland Finnair,Lufthansa Helsinki / HEL
71%
Türkei Turkish Airlines Istanbul / IST
70%
Vereinigte Staaten Lufthansa,United Newark / EWR
70%
Bulgarien Lufthansa Sofia / SOF
70%
Deutschland Lufthansa Stuttgart / STR
70%
Kanada Air Canada,Lufthansa Toronto / YYZ
70%
Vereinigtes Königreich City Airlines,EasyJet, Jet2, Lufthansa Manchester / MAN
69%
Polen LOT,Lufthansa Warschau / WAW
68%
Türkei A jet,SunExpress Ankara / ESB
67%
Deutschland City Airlines,Lufthansa Bremen / BRE
67%
Vietnam Vietnam Airlines Hanoi / HAN
67%
Portugal Lufthansa,TAP Portugal Lissabon / LIS
67%
Frankreich Lufthansa Marseille / MRS
67%
Schweden Lufthansa,Norwegian, SAS Stockholm / ARN
67%
Vereinigte Staaten Lufthansa Los Angeles / LAX
66%
Island Icelandair,Lufthansa Reykjavik / KEF
66%
Thailand Lufthansa,Thai Airways Bangkok / BKK
65%
Ägypten Air Cairo,Condor,
Corendon, Discover, Marabu, Nesma Airlines, Star East Airlines, Tui Fly
Hurghada / HRG
65%
Südafrika Lufthansa Kapstadt / CPT
65%
Deutschland w Lufthansa Leipzig/Halle / LEJ
65%
Luxemburg Lufthansa,LuxAir Luxemburg / LUX
65%
Italien EasyJet,Lufthansa Neapel / NAP
65%
Tschechien Lufthansa Prag / PRG
65%
Vereinigte Staaten Lufthansa San Diego / SAN
65%
Südkorea Lufthansa Seoul / ICN
65%
Tunesien Lufthansa,Nouvelair, Tunisair Tunis / TUN
65%
Kroatien Croatia Airlines,Lufthansa Zagreb / ZAG
65%
Ungarn Lufthansa Budapest / BUD
64%
Portugal Lufthansa Porto / OPO
64%
China Air China,Lufthansa Shanghai / PVG
64%
Kanada Lufthansa Vancouver / YVR
64%
Indien Lufthansa Mumbai / BOM
63%
Estland Air Baltic,Lufthansa Tallinn / TLL
63%
Israel El Al,Lufthansa Tel Aviv / TLV
63%
Mexiko Lufthansa Mexico-Stadt / MEX
62%
Rumänien Lufthansa Bukarest / OTP
61%
Katar Qatar Airways Doha / DOH
61%
Lettland Air Baltic Riga / RIX
61%
Kap Verde Tui Fly Sal / SID
61%
Italien Air Dolomiti Venedig / VCE
61%
Türkei Air Anka,Condor,
Corendon,
Freebird, Mavi Gök, Pegasus,
SunExpress,
Tailwind
Antalya / AYT
60%
Deutschland Lufthansa Dresden / DRS
60%
Vereinigte Arabische Emirate Emirates,Lufthansa Dubai / DXB
60%
Frankreich Lufthansa Lyon / LYS
60%
Vereinigte Staaten w Lufthansa Miami / MIA
60%
Vereinigte Staaten Lufthansa,United Washington D.C. / IAD
60%
Schweiz Air Dolomiti,Lufthansa Genf / GVA
59%
Serbien Lufthansa Belgrad / BEG
58%
Frankreich City Airlines,Lufthansa Bordeaux / BOD
58%
Japan Lufthansa Osaka / KIX
58%
Spanien Lufthansa Valencia / VLC
58%
Schweiz Air Dolomiti,Lufthansa Basel / BSL (EAP)
57%
Südafrika Lufthansa Johannesburg / JNB
57%
Vereinigte Staaten Delta Atlanta / ATL
56%
Vereinigtes Königreich EasyJet,Lufthansa Edinburgh / EDI
56%
Kuwait Kuwait Airways Kuwait / KWI
56%
Frankreich Air Dolomiti,Lufthansa Nizza / NCE
56%
Österreich Air Dolomiti,Lufthansa Graz / GRZ
55%
Malediven w BeOnd Male / MLE
55%
Kanada Lufthansa Montreal / YUL
55%
Italien Air Dolomiti Turin / TRN
55%
Vereinigte Arabische Emirate Etihad Abu Dhabi / AUH
54%
Vereinigte Staaten Lufthansa,United Chicago / ORD
54%
Indien Lufthansa Delhi / DEL
54%
Deutschland Eurowings Dortmund / DTM
54%
Polen Air Dolomiti,Lufthansa Krakau / KRK
54%
Slowenien Lufthansa Ljubljana / LJU
54%
Vereinigte Staaten Lufthansa,United San Francisco / SFO
54%
Brasilien w Lufthansa Sao Paulo / GRU
54%
Taiwan Eva Air Taipeh / TPE
54%
Vereinigte Staaten Lufthansa Boston / BOS
53%
Deutschland City Airlines,Lufthansa Hannover / HAJ
53%
Italien Air Dolomiti,Lufthansa Palermo / PMO
53%
Spanien Lufthansa,Neos Sevilla / SVQ
53%
Kroatien Croatia Airlines,Lufthansa Split / SPU
53%
Griechenland Aegean,Lufthansa Thessaloniki / SKG
53%
Litauen Air Baltic Vilnius / VNO
53%
Spanien Condor,Discover, Marabu Ibiza / IBZ
52%
Norwegen Lufthansa,Wideroe Bergen / BGO
51%
Türkei SunExpress Izmir / ADB
51%
Malta Air Malta,Lufthansa Malta / MLA
51%
Griechenland Aegean,Condor, Discover, Marabu, Tui Fly Rhodos / RHO
51%
Bahrain Gulf Air Bahrain / BAH
50%
Vereinigtes Königreich City Airlines,Lufthansa Birmingham / BHX
50%
Saudi-Arabien Saudia Riad / RUH
50%
Irak w Iraqi Airways Bagdad / BGW
49%
Portugal Condor,Discover,
Lufthansa, Tui Fly
Funchal / FNC
49%
Spanien Lufthansa,Norwegian Malaga / AGP
49%
Vereinigte Staaten Lufthansa Seattle / SEA
49%
Italien Air Dolomiti Bari / BRI
48%
Schweden Lufthansa Göteborg / GOT
48%
Kosovo Condor,Eurowings, GP Aviation Pristina / PRN
48%
Polen Lufthansa Danzig / GDN
47%
Vereinigte Staaten Lufthansa,United Denver / DEN
47%
Spanien Condor,Discover,
Marabu, Tui Fly
Gran Canaria / LPA
47%
Griechenland Aegean,Condor, Discover, Enter Air, Marabu, Smartwings, Tui Fly Heraklion / HER
47%
Georgien Lufthansa Tiflis / TBS
47%
Frankreich Lufthansa Toulouse / TLS
47%
Spanien Lufthansa Bilbao / BIO
46%
Italien Air Dolomiti Florenz / FLR
46%
Vereinigte Staaten United Houston / IAH
46%
Griechenland Condor, Discover,
Marabu,
Tui Fly
Kos / KGS
43%
Spanien Discover,Marabu, Smartwings, Tui Fly Teneriffa / TFS
43%
Spanien Lufthansa,Norwegian Alicante / ALC
42%
Moldawien Fly One Chisinau / RMO
40%
Griechenland Condor,Discover, Lufthansa, Marabu, Tui Fly Korfu / CFU
40%
Italien Air Dolomiti Bologna / BLQ
39%
Kroatien Croatia Airlines,Freebird, Lufthansa Dubrovnik / DBV
39%
Spanien Condor,Discover,
Marabu, Tui Fly
Fuerteventura / FUE
39%
Italien Air Dolomiti Genua / GOA
39%
Marokko Discover Marrakech / RAk
39%
Oman Oman Air Muskat / MCT
39%
Spanien s Discover,Tui Fly Menorca / MAH
38%
Deustchland Lufthansa Münster/Osnabrück / FMO
38%
Irland w Aer Lingus Cork / ORK
37%
Vietnam Vietnam Airlines Ho Chi Minh / SGN
37%
Frankreich Lufthansa Nantes / NTE
36%
Vereinigte Staaten w Discover Orlando / MCO
36%
Bulgarien s Discover Varna / VAR
34%
Portugal Condor,Leav Aviation, Lufthansa, Marabu Faro / FAO
33%
Polen Lufthansa Breslau / WRO
32%
Italien Lufthansa Catania / CTA
32%
Vereinigte Staaten American,Lufthansa Charlotte / CLT
32%
Italien Air Dolomiti Verona / VRN
32%
Italien s Lufthansa Cagliari / CAG
31%
Vereinigte Staaten s Delta Detroit / DTW
31%
Spanien Condor,Discover, Marabu, Tui Fly Lanzarote / ACE
31%
Usbekistan Uzbekistan Airways Tashkent / TAS
30%
Norwegen Lufthansa Trondheim / TRD
30%
Rumänien Lufthansa Cluj-Napoca / CLJ
29%
Vereinigtes Königreich s Air Dolomiti Jersey / JER
29%
Norwegen w Lufthansa Tromso / TOS
29%
Deutschland s Lufthansa Westerland / GWT
29%
Kroatien Lufthansa Zadar / ZAD
29%
Türkei A Jet,Pegasus Istanbul / SAW
27%
Deutschland Lufthansa Paderborn / PAD
27%
Polen Lufthansa Posen / POZ
27%
Kroatien Croatia Airlines,Lufthansa Rijeka / RJK
26%
Dänemark Air Dolomiti,Lufthansa Billund / BLL
25%
Kroatien s Air Dolomiti,Lufthansa Pula / PUY
25%
Saudi-Arabien Saudia Jeddah / JED
23%
Marokko Condor Agadir / AGA
22%
Griechenland Discover,Lufthansa Mykonos / JMK
22%
Griechenland Discover Santorini / JTR
22%
Rumänien Lufthansa Timisoara / TSR
22%
Zypern Lufthansa Larnaca / LCA
21%
Italien s Air Dolomiti,Condor, Lufthansa Olbia / OLB
21%
Griechenland Condor,Discover, Marabu Chania / CHQ
20%
Tadschikistan Somon Air Dushanbe / DYU
20%
Ägypten Air Cairo,Tui Fly Marsa Alam / RMF
20%
Türkei Discover,Lufthansa, SunExpress Bodrum / BJV
19%
Zypern s Lufthansa Paphos / PFO
19%
Ägypten w Nesma Airlines Sharm El Sheikh / SSH
19%
Tunesien Discover,Nouvelair, Tui Fly Djerba / DJE
18%
Finnland w Norwegian Rovaniemi / RVN
18%
Griechenland Discover,Marabu Zakynthos / ZTH
18%
Kap Verde Tui Fly Boa Vista / BVC
16%
Irak Iraqi Airways,UR Airlines Erbil / EBL
16%
Finnland Lufthansa Oulu / OUL
16%
Italien s Air Dolomiti Ancona / AOI
15%
Frankreich s Lufthansa Bastia / BIA
15%
Indien w Lufthansa Bengaluru / BLR
15%
Ungarn Lufthansa Debrezin / DEB
15%
Kroatien Croatia Airlines Osijek / OSI
15%
Spanien Condor,Marabu Santa Cruz de La Palma / SPC
15%
Griechenland s Discover Samos / SMI
14%
Italien s Condor,Lufthansa Lamezia Terme / SUF
13%
Tunesien Discover,Nouvelair, Tunisair Monastir / MIR
13%
Rumänien Lufthansa Sibiu / SBZ
13%
Griechenland Aegean,Condor,
Discover
Kalamata / KLX
12%
Bosnien-Herzegowina s Sky Alps Mostar / OMO
12%
Griechenland s Enter Air,Smartwings, Tui Fly Patras / GPA
12%
Italien s Air Dolomiti Brindisi / BDS
11%
Türkei SunExpress,Tui Fly Dalaman / DLM
11%
Türkei SunExpress Kayseri / ASR
11%
Montenegro s Lufthansa Tivat / TIV
11%
Finnland w Lufthansa Kittilä / KTT
9%
Griechenland s Condor,Marabu Kavala / KVA
8%
Ungarn Universal Air Pecs / PEV
8%
Griechenland s Condor Skiathos / JSI
8%
Spanien Discover,Tui Fly Jerez de la Frontera / XRY
7%
Rumänien Fly Lili Brasov / GHV
6%
Polen Lufthansa Rzeszow / RZE
6%
Frankreich s Lufthansa Biarritz / BIQ
5%
Griechenland s Marabu Preveza / PVK
5%
Spanien s Lufthansa Asturias / OVD
4%
Türkei s SunExpress Mersin / COV
4%
Griechenland s Condor Volos / VOL
4%
Griechenland s Marabu Karpathos / AOK
3%
Schweden w Eurowings,Leav Aviation Arvidsjaur / AJR
2%
Griechenland s Condor,Discover Kefallinia / EFL
1%
Keine übereinstimmenden Quizze gefunden
Verteilung der Resultate
Anzahl Personen mit jedem Resultat
Perzentil nach korrekt beantworteten Fragen
Ihre Resultats-Entwicklung
Sie haben dieses Quiz noch nicht gespielt